Физика (Запись № 13730872)
[ простой вид ]
| 000 -МАРКЕР | |
|---|---|
| контрольное поле | 01392nam1a2200313 4500 |
| 001 - ИДЕНТИФИКАТОР ЗАПИСИ | |
| контрольное поле | RU\NLR\BIBL_A\022831138 |
| 005 - ИДЕНТИФИКАТОР ВЕРСИИ | |
| контрольное поле | 20260614224722.0 |
| 035 ## - ДРУГИЕ СИСТЕМНЫЕ НОМЕРА | |
| Идентификатор записи | (NLR Aleph) 022831138 |
| 100 ## - ДАННЫЕ ОБЩЕЙ ОБРАБОТКИ | |
| Данные общей обработки | 20260609d1949 d y0rusy50 ca |
| 101 0# - ЯЗЫК РЕСУРСА | |
| Язык текста, звукозаписи и т.д. | тувинский |
| Язык оригинала | русский |
| 102 ## - СТРАНА ПУБЛИКАЦИИ ИЛИ ПРОИЗВОДСТВА | |
| Страна публикации | Российская Федерация |
| 105 ## - ПОЛЕ КОДИРОВАННЫХ ДАННЫХ: ТЕКСТОВЫЕ МАТЕРИАЛЫ, МОНОГРАФИЧЕСКИЕ | |
| Кодированные данные о монографическом текстовом документе | ac z 000 y |
| 181 #0 - ПОЛЕ КОДИРОВАННЫХ ДАННЫХ: ВИД СОДЕРЖАНИЯ | |
| Код вида содержания (ISBD) | i |
| Код характеристики содержания (ISBD) | axxe |
| 182 #0 - ПОЛЕ КОДИРОВАННЫХ ДАННЫХ: ТИП СРЕДСТВА | |
| Код типа средства (ISBD) | n - непосредственное |
| 200 1# - ЗАГЛАВИЕ И СВЕДЕНИЯ ОБ ОТВЕТСТВЕННОСТИ | |
| Основное заглавие | Физика |
| Сведения, относящиеся к заглавию | чеди чылдың болгаш ортумак школаның 7-ги клазынга өөредилге ному |
| Первые сведения об ответственности | А. В. Перышкин, Г. И. Фалеев, В. В. Крауклис |
| Последующие сведения об ответственности | Очулдурган И. М. Лагбужап |
| 203 ## - ВИД СОДЕРЖАНИЯ И ТИП СРЕДСТВА | |
| Вид содержания | Текст |
| Дополнительные сведения об издании | визуальный |
| Тип средства | непосредственный |
| 210 ## - ПУБЛИКАЦИЯ, РАСПРОСТРАНЕНИЕ И ДР. | |
| Место издания, распространения и т.д. | Кызыл |
| Имя издателя, распространителя и т. д. | Тыва областың ном үндүрер чери |
| Дата издания, распространения и т.д. | 1949 |
| 215 ## - ФИЗИЧЕСКАЯ ХАРАКТЕРИСТИКА | |
| Размеры | 20 |
| 541 1# - ПЕРЕВОД ЗАГЛАВИЯ, СДЕЛАННЫЙ КАТАЛОГИЗАТОРОМ | |
| Заглавие | Физика |
| Сведения, относящиеся к заглавию | Учебник для 7 кл. семилетней и сред. шк. |
| 686 1# - ИНДЕКСЫ ДРУГИХ КЛАССИФИКАЦИЙ | |
| Индекс | В3 я72 |
| 700 #1 - ИМЯ ЛИЦА - ПЕРВИЧНАЯ ОТВЕТСТВЕННОСТЬ | |
| Начальный элемент ввода | Перышкин |
| Часть имени, кроме начального элемента ввода | А. В. |
| Даты | 1902-1983 |
| Расширение инициалов личного имени | Александр Васильевич |
| Идентификатор авторитетной/нормативной записи | RU\NLR\AUTH\773653 |
| Код отношения | Автор |
| 701 #0 - ИМЯ ЛИЦА - АЛЬТЕРНАТИВНАЯ ОТВЕТСТВЕННОСТЬ | |
| Начальный элемент ввода | Крауклис |
| Часть имени, кроме начального элемента ввода | В. В. |
| Расширение инициалов личного имени | Вильгельм Вильгельмович |
| Код отношения | Автор |
| 701 #1 - ИМЯ ЛИЦА - АЛЬТЕРНАТИВНАЯ ОТВЕТСТВЕННОСТЬ | |
| Начальный элемент ввода | Фалеев |
| Часть имени, кроме начального элемента ввода | Г. И. |
| Расширение инициалов личного имени | Григорий Иванович |
| Код отношения | Автор |
| 702 #1 - ИМЯ ЛИЦА - ВТОРИЧНАЯ ОТВЕТСТВЕННОСТЬ | |
| Начальный элемент ввода | Лагбужап |
| Часть имени, кроме начального элемента ввода | И. М. |
| Код отношения | Переводчик |
| 852 ## - МЕСТОНАХОЖДЕНИЕ И ШИФР ХРАНЕНИЯ | |
| Идентификатор организации | NLR |
| Наименование фонда или коллекции (Sub-Location Identifier) | ОНЛ |
| Шифр хранения (Call Number) | Тув./3-31 |
| 942 ## - ДОПОЛНИТЕЛЬНЫЕ ЭЛЕМЕНТЫ ЗАПИСИ (АБИС) | |
| Тип экземпляра АБИС | Книга |
| 980 ## - КОЛЛЕКЦИЯ | |
| Название коллекции | Национальная библиография |
Нет доступных экземпляров.